000 00501nam a2200169Ia 4500
005 20250923144424.0
008 008 250917s9999 xx 000 0 eng d
037 _aReports
040 _aDSWL
_beng
_cDSWL
041 _aeng
_2eng
084 _aX:9p3:N52, J2
_qDSWL
245 0 _aReport of the human relation in industry conference
_cby Ministry od Labour and National Service of
260 _c1952
300 _a128 p.
942 _cREP
_hX:9p3:N52, J2
999 _c1438657
_d1438657